000 01641cam a22004574i 4500
003 PE-LiUPU
005 20250731173255.0
008 150625s r 000 0 d
035 _a(Sirsi) a35675
040 _aPE-LiUPU
_bspa
_cPE-LiUPU
_erda
082 0 4 _a261.26
_bS56
_221
100 1 _aSimonsohn, Shlomo,
_eautor.
245 1 4 _aThe apostolic see and the jews documents: 1464-1521 /
_cShlomo Simonsohn.
264 1 _aToronto [Ont.] :
_bPontifical Institute of Mediaeval Studies,
_c1990.
300 _a1133 páginas.
336 _atext
_2rdacontent
337 _aunmediated
_2rdamedia
338 _avolume
_2rdacarrier
526 _aSEG42
526 _aSEG41
526 _aSEG40
526 _aSEG39
526 _aP94
526 _aP87
526 _aP86
526 _aP85
526 _aP77
526 _aP76
526 _aP35
650 0 4 _aHistoria de la Iglesia
_yEdad Media, 600-1500
_vFuentes.
650 0 4 _aCivilización, Medieval
_xInfluencias judías.
650 0 4 _aJudíos
_xEstatus legal, leyes, etc.
_vDocumentos papales.
650 0 4 _aJudaísmo
_xRelaciones
_xIglesia católica
_vDocumentos papales.
650 0 4 _aIglesia católica
_xRelaciones
_xJudaísmo
_vDocumentos papales.
910 _a
942 _2ddc
_cBOOK
949 _a261.26 S56
_wDEWEY
_c1
_i37961
_lCCODEBUL1
_mBUL
_p00.00
_r0
_sY
_tBOOK
_u2015-06-25
_xBIBLIOTECA
_zUNKNOWN
_0COMPRA
_o.STAFF. Colección General
596 _a1
999 _a261.26 S56
_wDEWEY
_c43665
_i37961
_f2021-11-10
_g5
_lCCODEBUL1
_mBUL
_r0
_sY
_tBOOK
_u2015-6-25
_xTEOLOGIA
_zUNKNOWN
_0COMPRA
_o.STAFF. Colección General
_d43665
980 _81
_gALBERTO SANCHEZ Responsable de Automatización